[Event "Charlesbourg Olympiad"]
[Site "Charlesbourg CAN"]
[Date "2009.11.02"]
[Round "4"]
[White "Laflamme, Simon"]
[Black "Chiffot, Nicolas"]
[Result "0-1"]
[WhiteElo "1906"]
[BlackElo "1946"]
[PlyCount "90"]
[GameId "2160767910096461"]
[EventDate "2009.10.12"]
[EventType "team"]
[EventRounds "6"]
[EventCountry "CAN"]
[SourceTitle "EXT 2011"]
[Source "ChessBase"]
[SourceDate "2011.11.26"]
[SourceVersion "1"]
[SourceVersionDate "2011.11.26"]
[SourceQuality "1"]

1. e4 c5 2. c3 e6 3. d4 d5 4. exd5 Qxd5 5. Nf3 Nc6 6. Na3 a6 7. Nc4 Qd8 8. Bg5 f6 9. Bh4 b5 10. Nce5 Nge7 11. Nxc6 Nxc6 12. Ne5 Nxe5 13. dxe5 Qxd1+ 14. Rxd1 Be7 15. exf6 gxf6 16. Be2 Bb7 17. Bh5+ Kf8 18. Bxf6 Bxg2 19. Rd7 Bxf6 20. Rf7+ Ke8 21. Rg1 Bf3 22. Rxh7+ Bxh5 23. Rxh8+ Bxh8 24. Rg8+ Kd7 25. Rxa8 Be5 26. Rxa6 Bf3 27. h3 Bb7 28. Ra3 Kc7 29. b4 c4 30. Ra5 Bxc3+ 31. Ke2 Kb6 32. a4 Bc6 33. axb5 Bxb4 34. Ra2 Kxb5 35. Rc2 Be4 36. Rc1 c3 37. Ke3 Bf5 38. Kd4 c2 39. Ke5 Bc3+ 40. Kd6 e5 41. Kd5 Bb2 42. Rxc2 Bxc2 43. h4 Bg6 44. f3 Kb4 45. Ke6 Bh5 0-1

[Event "Charlesbourg Olympiad"]
[Site "Charlesbourg CAN"]
[Date "2009.11.02"]
[Round "4"]
[White "Lapierre, Gaetan"]
[Black "Beaudoin, Stephane"]
[Result "1/2-1/2"]
[WhiteElo "1950"]
[BlackElo "2112"]
[PlyCount "82"]
[GameId "2160767910096462"]
[EventDate "2009.10.12"]
[EventType "team"]
[EventRounds "6"]
[EventCountry "CAN"]
[SourceTitle "EXT 2011"]
[Source "ChessBase"]
[SourceDate "2011.11.26"]
[SourceVersion "1"]
[SourceVersionDate "2011.11.26"]
[SourceQuality "1"]

1. e4 g6 2. d4 Bg7 3. Nf3 d6 4. Be2 Nf6 5. Nbd2 O-O 6. O-O Nc6 7. c3 e5 8. dxe5 dxe5 9. Qc2 Be6 10. h3 Nh5 11. Re1 Nf4 12. Bf1 Qf6 13. Kh2 g5 14. g3 Nh5 15. Be2 g4 16. hxg4 Bxg4 17. Kg2 Bh6 18. Rh1 Kh8 19. Ng1 Bxe2 20. Nxe2 Qg6 21. Nf3 Bxc1 22. Qxc1 Rg8 23. Qe3 Nf6 24. Nd2 Ng4 25. Qf3 Raf8 26. Raf1 f5 27. exf5 Rxf5 28. Qe4 Nf6 29. Qh4 Rh5 30. Qc4 Rxh1 31. Rxh1 Rd8 32. Nf3 Rf8 33. Nh4 Qf7 34. Qxf7 Rxf7 35. f4 Rd7 36. Ng6+ Kg7 37. Nxe5 Nxe5 38. fxe5 Ng4 39. e6 Rd2 40. Kf3 Ne5+ 41. Kf2 Ng4+ 1/2-1/2

[Event "Charlesbourg Olympiad"]
[Site "Charlesbourg CAN"]
[Date "2009.11.02"]
[Round "4"]
[White "Perron, Jonathan"]
[Black "Caron, Sebastien"]
[Result "1-0"]
[WhiteElo "1980"]
[BlackElo "1990"]
[PlyCount "119"]
[GameId "2160767910096463"]
[EventDate "2009.10.12"]
[EventType "team"]
[EventRounds "6"]
[EventCountry "CAN"]
[SourceTitle "EXT 2011"]
[Source "ChessBase"]
[SourceDate "2011.11.26"]
[SourceVersion "1"]
[SourceVersionDate "2011.11.26"]
[SourceQuality "1"]

1. e4 e6 2. d4 d5 3. Nd2 Nf6 4. e5 Nfd7 5. Ngf3 c5 6. c3 Nc6 7. Bd3 Qb6 8. O-O cxd4 9. cxd4 Nxd4 10. Nxd4 Qxd4 11. Nf3 Qb6 12. Qa4 Qb4 13. Qc2 h6 14. Be3 Bc5 15. a3 Qb6 16. Bf4 Qd8 17. b4 Bb6 18. h4 Nf8 19. Rac1 Bd7 20. Qe2 Rc8 21. Rxc8 Bxc8 22. Rc1 Bd7 23. Rc3 Ng6 24. Be3 Ne7 25. Nd4 a6 26. Qg4 g6 27. b5 a5 28. h5 g5 29. Qf3 Nc8 30. Qg4 Ke7 31. f4 gxf4 32. Bf2 Kf8 33. Qh3 Qe8 34. Kf1 Rg8 35. a4 Bd8 36. Nf3 Be7 37. Rc7 b6 38. Nd4 Qd8 39. Rc2 Bc5 40. Be2 Ne7 41. Qd3 Rg7 42. Qd2 Ng8 43. Qc1 Qg5 44. Bf3 Qxe5 45. Nc6 Bxc6 46. bxc6 Bxf2 47. c7 Ne7 48. c8=Q+ Nxc8 49. Rxc8+ Ke7 50. Kxf2 Qd4+ 51. Kf1 Qxa4 52. Qb2 d4 53. Qxb6 Qa1+ 54. Kf2 Kf6 55. Qd8+ Kf5 56. Rc5+ e5 57. Qd7+ Kf6 58. Qd6+ Kg5 59. Qxe5+ Kh4 60. Qxf4+ 1-0

[Event "Charlesbourg Olympiad"]
[Site "Charlesbourg CAN"]
[Date "2009.11.10"]
[Round "5"]
[White "Perron, Jonathan"]
[Black "Lapierre, Gaetan"]
[Result "1-0"]
[WhiteElo "1980"]
[BlackElo "1950"]
[PlyCount "53"]
[GameId "2160767910096464"]
[EventDate "2009.10.12"]
[EventType "team"]
[EventRounds "6"]
[EventCountry "CAN"]
[SourceTitle "EXT 2011"]
[Source "ChessBase"]
[SourceDate "2011.11.26"]
[SourceVersion "1"]
[SourceVersionDate "2011.11.26"]
[SourceQuality "1"]

1. e4 d6 2. d4 Nf6 3. Nc3 g6 4. Nf3 Bg7 5. h3 O-O 6. Be3 Na6 7. Bc4 c5 8. d5 Rb8 9. a4 Nd7 10. Nd2 Nb6 11. Bb5 Nc7 12. O-O e6 13. dxe6 Bxe6 14. f4 Nxb5 15. axb5 Nc4 16. Nxc4 Bxc4 17. Rf2 Qb6 18. f5 f6 19. Nd5 Qxb5 20. b3 Bxd5 21. Qxd5+ Rf7 22. Qxd6 Re8 23. fxg6 hxg6 24. Rxa7 Rxe4 25. Ra8+ Rf8 26. Rxf8+ Bxf8 27. Qd5+ 1-0

[Event "Charlesbourg Olympiad"]
[Site "Charlesbourg CAN"]
[Date "2009.11.16"]
[Round "6"]
[White "Beaudoin, Stephane"]
[Black "Perron, Jonathan"]
[Result "1-0"]
[WhiteElo "2112"]
[BlackElo "1980"]
[PlyCount "23"]
[GameId "2160767910096465"]
[EventDate "2009.10.12"]
[EventType "team"]
[EventRounds "6"]
[EventCountry "CAN"]
[SourceTitle "EXT 2011"]
[Source "ChessBase"]
[SourceDate "2011.11.26"]
[SourceVersion "1"]
[SourceVersionDate "2011.11.26"]
[SourceQuality "1"]

1. e4 c5 2. Nf3 Nc6 3. d4 cxd4 4. Nxd4 e5 5. Nxc6 bxc6 6. Bd3 Nf6 7. Nd2 h6 8. Qe2 g5 9. a4 Nxe4 10. Qxe4 c5 11. O-O f6 12. Rd1 1-0

[Event "Charlesbourg Olympiad"]
[Site "Charlesbourg CAN"]
[Date "2009.11.16"]
[Round "6"]
[White "Hebert, Marc"]
[Black "Cote, Jocelyn"]
[Result "1/2-1/2"]
[WhiteElo "1695"]
[BlackElo "1765"]
[PlyCount "26"]
[GameId "2160767910096466"]
[EventDate "2009.10.12"]
[EventType "team"]
[EventRounds "6"]
[EventCountry "CAN"]
[SourceTitle "EXT 2011"]
[Source "ChessBase"]
[SourceDate "2011.11.26"]
[SourceVersion "1"]
[SourceVersionDate "2011.11.26"]
[SourceQuality "1"]

1. d4 Nf6 2. Nf3 d6 3. e3 g6 4. c3 Bg7 5. Nbd2 Nbd7 6. Bd3 b6 7. e4 Nh5 8. Nb3 c5 9. Bg5 f6 10. Be3 Bh6 11. Qe2 Nf4 12. Qf1 Ba6 13. c4 Nxd3+ 1/2-1/2

[Event "Charlesbourg Olympiad"]
[Site "Charlesbourg CAN"]
[Date "2009.11.16"]
[Round "6"]
[White "Lessard, Claude"]
[Black "Laflamme, Simon"]
[Result "1-0"]
[WhiteElo "1949"]
[BlackElo "1906"]
[PlyCount "25"]
[GameId "2160767910096468"]
[EventDate "2009.10.12"]
[EventType "team"]
[EventRounds "6"]
[EventCountry "CAN"]
[SourceTitle "EXT 2011"]
[Source "ChessBase"]
[SourceDate "2011.11.26"]
[SourceVersion "1"]
[SourceVersionDate "2011.11.26"]
[SourceQuality "1"]

1. d4 d5 2. Nf3 c5 3. e3 Nf6 4. Bb5+ Bd7 5. Qe2 Nc6 6. b3 cxd4 7. Bxc6 Bxc6 8. Nxd4 Rc8 9. Nxc6 bxc6 10. Nd2 a5 11. h3 e5 12. a4 h5 13. e4 1-0

[Event "Charlesbourg op"]
[Site "Charlesbourg CAN"]
[Date "2009.03.27"]
[Round "1"]
[White "Beaudoin, Stephane"]
[Black "Fecteau, Martin"]
[Result "1-0"]
[WhiteElo "2167"]
[BlackElo "1928"]
[PlyCount "113"]
[GameId "2160767910268893"]
[EventDate "2009.02.09"]
[EventType "swiss"]
[EventRounds "5"]
[EventCountry "CAN"]
[SourceTitle "EXT 2011"]
[Source "ChessBase"]
[SourceDate "2011.11.26"]
[SourceVersion "1"]
[SourceVersionDate "2011.11.26"]
[SourceQuality "1"]

1. e4 c5 2. Nf3 e6 3. d4 cxd4 4. Nxd4 Nc6 5. Nxc6 bxc6 6. Bd3 Nf6 7. O-O d6 8. Kh1 Be7 9. f4 Qc7 10. Qf3 O-O 11. b3 e5 12. fxe5 dxe5 13. Bb2 Be6 14. Nd2 Nd7 15. Nc4 f6 16. Ne3 Nc5 17. Be2 Kh8 18. Nf5 Bxf5 19. Qxf5 Rad8 20. Bc3 Qd7 21. Qf3 Ne6 22. Qg3 Nd4 23. Bd3 Bc5 24. Rad1 Qe7 25. Bxd4 Rxd4 26. Rde1 a5 27. a4 Rd6 28. Rf3 g6 29. Ref1 Bb4 30. Qf2 Kg7 31. Qh4 Bd2 32. Rh3 h5 33. Rhf3 Qa7 34. Qg3 Qc5 35. h4 Bf4 36. Qe1 Qb4 37. Qxb4 axb4 38. g3 Bd2 39. Ra1 Bc3 40. Ra2 Ra8 41. a5 Bd4 42. a6 Ba7 43. Ra4 Rb8 44. Kg2 Rd4 45. Ra1 Rd6 46. Kh3 Re8 47. Ra4 Rd4 48. Rf1 Rf8 49. Ra5 Rfd8 50. Raa1 R8d7 51. Rf3 Rd8 52. Re1 Re8 53. Re2 Re7 54. Rg2 Rd6 55. Rf1 Re8 56. g4 hxg4+ 57. Rxg4 1-0

[Event "Charlesbourg op"]
[Site "Charlesbourg CAN"]
[Date "2009.03.27"]
[Round "1"]
[White "Fortier, Bertrand"]
[Black "Caron, Sebastien"]
[Result "1-0"]
[WhiteElo "1773"]
[BlackElo "1984"]
[PlyCount "63"]
[GameId "2160767910268894"]
[EventDate "2009.02.09"]
[EventType "swiss"]
[EventRounds "5"]
[EventCountry "CAN"]
[SourceTitle "EXT 2011"]
[Source "ChessBase"]
[SourceDate "2011.11.26"]
[SourceVersion "1"]
[SourceVersionDate "2011.11.26"]
[SourceQuality "1"]

1. d4 f5 2. g3 Nf6 3. Bg2 g6 4. c4 Bg7 5. Nf3 O-O 6. O-O d6 7. Qb3 c6 8. Nc3 h6 9. Re1 Qe8 10. e4 fxe4 11. Nxe4 Qf7 12. Nxf6+ Qxf6 13. Be3 Qf7 14. Nd2 Nd7 15. Qc2 Nf6 16. h3 Rb8 17. Ne4 Nxe4 18. Bxe4 Bxh3 19. Bxg6 Qf6 20. Qe4 Bd7 21. Bf4 e5 22. dxe5 dxe5 23. Be3 b6 24. Rad1 Bc8 25. Rd2 Bb7 26. Rd7 Rfd8 27. Red1 Rxd7 28. Rxd7 Qe6 29. Bf7+ Qxf7 30. Rxf7 Kxf7 31. Bxh6 Bf6 32. Bg5 1-0

[Event "Charlesbourg op"]
[Site "Charlesbourg CAN"]
[Date "2009.03.27"]
[Round "1"]
[White "Lessard, Claude"]
[Black "Laflamme, Simon"]
[Result "1-0"]
[WhiteElo "2044"]
[BlackElo "1952"]
[PlyCount "91"]
[GameId "2160767910268895"]
[EventDate "2009.02.09"]
[EventType "swiss"]
[EventRounds "5"]
[EventCountry "CAN"]
[SourceTitle "EXT 2011"]
[Source "ChessBase"]
[SourceDate "2011.11.26"]
[SourceVersion "1"]
[SourceVersionDate "2011.11.26"]
[SourceQuality "1"]

1. d4 Nf6 2. Nf3 g6 3. g3 Bg7 4. Bg2 O-O 5. O-O d6 6. c4 c5 7. Nc3 Nc6 8. d5 Na5 9. Qd3 e5 10. Bg5 a6 11. Ne4 b5 12. Nfd2 bxc4 13. Nxc4 Nxc4 14. Qxc4 Bf5 15. Rfc1 Bxe4 16. Bxe4 Qb6 17. Bxf6 Bxf6 18. Rab1 Qb5 19. b4 Qxc4 20. Rxc4 cxb4 21. Rbxb4 a5 22. Rb6 Be7 23. Rb7 Rfe8 24. Ra4 Kf8 25. Bd3 Rec8 26. f4 exf4 27. gxf4 Rc5 28. Kg2 f5 29. e4 Rc3 30. Bb1 fxe4 31. Rxe4 Re8 32. Re6 Rcc8 33. f5 Bg5 34. fxg6 hxg6 35. Rxg6 Re2+ 36. Kf3 Re3+ 37. Kf2 Re5 38. Rxd6 Rce8 39. Rdd7 Re2+ 40. Kf3 R8e3+ 41. Kg4 Rg2+ 42. Kf5 Be7 43. h4 Rf2+ 44. Kg4 Re1 45. d6 Rg1+ 46. Kh5 1-0

[Event "Defi Nez-A"]
[Site "Gatineau CAN"]
[Date "2009.11.17"]
[Round "1"]
[White "Brousseau, Yvan"]
[Black "Guimond, Michel"]
[Result "0-1"]
[WhiteElo "2007"]
[BlackElo "1894"]
[PlyCount "50"]
[GameId "2160767910030281"]
[EventDate "2009.11.17"]
[EventType "tourn"]
[EventRounds "5"]
[EventCountry "CAN"]
[SourceTitle "EXT 2011"]
[Source "ChessBase"]
[SourceDate "2011.11.26"]
[SourceVersion "1"]
[SourceVersionDate "2011.11.26"]
[SourceQuality "1"]

1. d4 g6 2. c4 Bg7 3. Nc3 d6 4. g3 Nd7 5. Bg2 e5 6. e3 Nh6 7. Nf3 O-O 8. O-O f5 9. dxe5 dxe5 10. e4 f4 11. gxf4 exf4 12. Ne2 g5 13. Qd5+ Nf7 14. h3 c6 15. Qd2 Qb6 16. Rb1 Nde5 17. Qc2 Nxf3+ 18. Bxf3 Bxh3 19. c5 Qd8 20. Rd1 Qf6 21. Bh1 Qh6 22. Qb3 Kh8 23. Rd3 Be6 24. Qxb7 Ne5 25. Rd6 Ng4 0-1

[Event "Defi Nez-A"]
[Site "Gatineau CAN"]
[Date "2009.11.17"]
[Round "1"]
[White "Cossette, Daniel"]
[Black "Groleau, Gilles"]
[Result "0-1"]
[WhiteElo "2102"]
[BlackElo "1936"]
[PlyCount "90"]
[GameId "2160767910030282"]
[EventDate "2009.11.17"]
[EventType "tourn"]
[EventRounds "5"]
[EventCountry "CAN"]
[SourceTitle "EXT 2011"]
[Source "ChessBase"]
[SourceDate "2011.11.26"]
[SourceVersion "1"]
[SourceVersionDate "2011.11.26"]
[SourceQuality "1"]

1. e4 c5 2. Nf3 e6 3. d4 cxd4 4. Nxd4 a6 5. c4 Nf6 6. Nc3 d6 7. Be2 Be7 8. O-O Qc7 9. Be3 Nbd7 10. f3 O-O 11. Qd2 b6 12. Rab1 Bb7 13. b4 Rac8 14. Rfc1 Rfd8 15. Nd1 Qb8 16. Nb3 d5 17. exd5 exd5 18. c5 bxc5 19. bxc5 Qa8 20. Na5 Bc6 21. Nf2 Rb8 22. Nd3 Rxb1 23. Rxb1 Bb5 24. Rc1 Bxd3 25. Bxd3 Ne5 26. c6 Bb4 27. Qxb4 Nxd3 28. Qe7 Re8 29. Qb7 Qxb7 30. cxb7 Nxc1 31. Bxc1 Nd7 32. Bf4 f6 33. Kf2 d4 34. Nc6 d3 35. Nb4 Re2+ 36. Kf1 Rb2 37. Nxa6 Rxb7 38. Bd2 Rb2 39. Ke1 Rxa2 40. Nb4 Ra1+ 41. Kf2 Ne5 42. Bc3 Rb1 43. Ke3 Rg1 44. Kf2 Rc1 45. Bxe5 d2 0-1

[Event "Defi Nez-A"]
[Site "Gatineau CAN"]
[Date "2009.11.17"]
[Round "1"]
[White "Gagnon, Fabien"]
[Black "Laurin, Jacques"]
[Result "1-0"]
[WhiteElo "1977"]
[BlackElo "1877"]
[PlyCount "107"]
[GameId "2160767910030283"]
[EventDate "2009.11.17"]
[EventType "tourn"]
[EventRounds "5"]
[EventCountry "CAN"]
[SourceTitle "EXT 2011"]
[Source "ChessBase"]
[SourceDate "2011.11.26"]
[SourceVersion "1"]
[SourceVersionDate "2011.11.26"]
[SourceQuality "1"]

1. d4 Nf6 2. c4 b6 3. Nc3 Bb7 4. d5 e6 5. e4 exd5 6. cxd5 Bb4 7. Bd3 Qe7 8. Qe2 c6 9. d6 Bxd6 10. Nf3 Bb4 11. O-O Bxc3 12. bxc3 Qc5 13. Bg5 Ng4 14. e5 h6 15. Bd2 h5 16. Rfe1 a5 17. Ng5 Ba6 18. Bxa6 Nxa6 19. h3 Qxf2+ 20. Qxf2 Nxf2 21. Kxf2 Nc5 22. Kg1 Ke7 23. Re3 Raf8 24. Nf3 Kd8 25. c4 Re8 26. Rae1 Kc7 27. Nd4 g5 28. Nb3 Ne6 29. Rf3 a4 30. Nc1 Rh7 31. Rf5 g4 32. h4 Nd4 33. Rf6 Re6 34. Rxe6 fxe6 35. Ne2 Nf5 36. Bg5 Rf7 37. Rf1 b5 38. cxb5 cxb5 39. Nc3 Kc6 40. Rc1 Kb6 41. Rb1 Ng3 42. Nxb5 Ne2+ 43. Kh2 Kc5 44. Bf6 Kd5 45. Rd1+ Kc5 46. Nd6 Rf8 47. Ne4+ Kc6 48. Rd2 Nf4 49. Rd6+ Kc7 50. Ra6 Rb8 51. Kg3 Ne2+ 52. Kf2 Rb2 53. Ke3 Rxa2 54. Be7 1-0

[Event "Defi Nez-A"]
[Site "Gatineau CAN"]
[Date "2009.11.24"]
[Round "2"]
[White "Brousseau, Yvan"]
[Black "Cossette, Daniel"]
[Result "1-0"]
[WhiteElo "2007"]
[BlackElo "2102"]
[PlyCount "81"]
[GameId "2160767910030284"]
[EventDate "2009.11.17"]
[EventType "tourn"]
[EventRounds "5"]
[EventCountry "CAN"]
[SourceTitle "EXT 2011"]
[Source "ChessBase"]
[SourceDate "2011.11.26"]
[SourceVersion "1"]
[SourceVersionDate "2011.11.26"]
[SourceQuality "1"]

1. b3 e5 2. Bb2 d6 3. e4 Nc6 4. Nf3 Nf6 5. Nc3 Bg4 6. Be2 Be7 7. h3 Bh5 8. d3 d5 9. exd5 Nxd5 10. Nxd5 Qxd5 11. O-O f6 12. a3 Bf7 13. Nh4 g6 14. Bf3 Qd7 15. Qe2 O-O-O 16. Rfd1 Be6 17. Bxc6 Qxc6 18. Nf3 g5 19. d4 g4 20. hxg4 Bxg4 21. dxe5 Rxd1+ 22. Rxd1 Rg8 23. Rd3 fxe5 24. Bxe5 Qe6 25. Re3 Bc5 26. Bd4 Qd5 27. Bxc5 Bxf3 28. Rxf3 Qg5 29. Rg3 Qc1+ 30. Kh2 Qh6+ 31. Rh3 Qc6 32. f4 Re8 33. Qf2 b6 34. Bd4 Qb5 35. a4 Qf5 36. Qf3 Kb8 37. Be5 a5 38. Qc6 Rxe5 39. fxe5 Qf4+ 40. g3 Qxe5 41. Qf3 1-0

[Event "Defi Nez-A"]
[Site "Gatineau CAN"]
[Date "2009.11.24"]
[Round "2"]
[White "Groleau, Gilles"]
[Black "Gagnon, Fabien"]
[Result "1-0"]
[WhiteElo "1936"]
[BlackElo "1977"]
[PlyCount "105"]
[GameId "2160767910030285"]
[EventDate "2009.11.17"]
[EventType "tourn"]
[EventRounds "5"]
[EventCountry "CAN"]
[SourceTitle "EXT 2011"]
[Source "ChessBase"]
[SourceDate "2011.11.26"]
[SourceVersion "1"]
[SourceVersionDate "2011.11.26"]
[SourceQuality "1"]

1. e4 c5 2. Nc3 e6 3. f4 g6 4. Nf3 Bg7 5. Be2 Ne7 6. O-O O-O 7. d3 d5 8. Qe1 Nbc6 9. a3 Nd4 10. Nxd4 cxd4 11. Nd1 Bd7 12. Bd2 Rc8 13. Rc1 Bc6 14. Bf3 Ba4 15. b3 Bb5 16. a4 dxe4 17. Bxe4 Bc6 18. Bb4 Re8 19. Bxe7 Rxe7 20. Bxc6 Rxc6 21. Nb2 e5 22. Qh4 Bf6 23. Qh6 exf4 24. Qxf4 Re2 25. Nc4 Qe7 26. Qb8+ Kg7 27. Qxa7 Rce6 28. Qa5 Bh4 29. Qd5 Bf6 30. a5 h5 31. b4 Kh7 32. Qc5 Qd7 33. Nb6 Qe8 34. Qd5 Rc6 35. Nc4 Kh6 36. b5 Rce6 37. Nd6 Qe7 38. Ne4 Re5 39. Nxf6 Rxd5 40. Ng8+ Kg7 41. Nxe7 Rxb5 42. Rfe1 Rxe1+ 43. Rxe1 Rxa5 44. Re4 Rc5 45. Rxd4 Rxc2 46. Rb4 Rd2 47. Rb3 Kf6 48. Nd5+ Ke5 49. Ne3 Kd4 50. Nf1 Rd1 51. Rxb7 f5 52. Rg7 Rxd3 53. Rxg6 1-0

[Event "Defi Nez-A"]
[Site "Gatineau CAN"]
[Date "2009.11.24"]
[Round "2"]
[White "Guimond, Michel"]
[Black "Laurin, Jacques"]
[Result "1/2-1/2"]
[WhiteElo "1894"]
[BlackElo "1877"]
[PlyCount "124"]
[GameId "2160767910030286"]
[EventDate "2009.11.17"]
[EventType "tourn"]
[EventRounds "5"]
[EventCountry "CAN"]
[SourceTitle "EXT 2011"]
[Source "ChessBase"]
[SourceDate "2011.11.26"]
[SourceVersion "1"]
[SourceVersionDate "2011.11.26"]
[SourceQuality "1"]

1. e4 d6 2. d4 Nf6 3. Nc3 e6 4. Be3 Be7 5. Be2 O-O 6. g4 Nfd7 7. Qd2 Nc6 8. Nf3 Nf6 9. Rg1 d5 10. e5 Ne4 11. Qc1 f6 12. exf6 Nxf6 13. g5 Ne4 14. g6 Qd6 15. gxh7+ Kh8 16. Nb5 Qd7 17. Bf4 Bd6 18. Nxd6 cxd6 19. Nh4 Kxh7 20. f3 e5 21. Bh6 Rf7 22. fxe4 gxh6 23. Rg6 Rf4 24. exd5 Nxd4 25. Bd3 Nf5 26. Bxf5 Qb5 27. Re6+ Kg7 28. Re7+ Kf6 29. Bd3 Qxd5 30. Ng6 Qh1+ 31. Ke2 Bg4+ 32. Ke3 Rf3+ 33. Kd2 Rf2+ 34. Kc3 Rc8+ 35. Kb4 a5+ 36. Ka3 Qd5 37. Qe3 Rf3 38. Rf1 Rxf1 39. Bxf1 Kxg6 40. Bd3+ Kf6 41. Rh7 Qc5+ 42. Qxc5 dxc5 43. Rxh6+ Kg5 44. Rg6+ Kf4 45. Rf6+ Ke3 46. Rg6 Bf3 47. Bc4 Rh8 48. Re6 Kd4 49. b3 e4 50. Rd6+ Kc3 51. Bd5 Rxh2 52. Bxb7 Kxc2 53. Rd5 Kb1 54. Ka4 Rxa2+ 55. Kb5 e3 56. Re5 Bxb7 57. Rxe3 Rc2 58. Kxa5 Kb2 59. Kb5 Bd5 60. Re5 c4 61. bxc4 Bxc4+ 62. Kb4 Bd3 1/2-1/2

[Event "Defi Nez-A"]
[Site "Gatineau CAN"]
[Date "2009.12.01"]
[Round "3"]
[White "Cossette, Daniel"]
[Black "Guimond, Michel"]
[Result "0-1"]
[WhiteElo "2102"]
[BlackElo "1894"]
[PlyCount "80"]
[GameId "2160767910030287"]
[EventDate "2009.11.17"]
[EventType "tourn"]
[EventRounds "5"]
[EventCountry "CAN"]
[SourceTitle "EXT 2011"]
[Source "ChessBase"]
[SourceDate "2011.11.26"]
[SourceVersion "1"]
[SourceVersionDate "2011.11.26"]
[SourceQuality "1"]

1. d4 g6 2. e4 Bg7 3. Nc3 d6 4. Be3 c6 5. Qd2 b5 6. a4 b4 7. Nd1 a5 8. c3 Qb6 9. f3 Ba6 10. Bxa6 Nxa6 11. Ne2 h5 12. O-O c5 13. Nf2 Nf6 14. Rfc1 b3 15. Nf4 O-O 16. Qe2 cxd4 17. cxd4 Nb4 18. d5 Qb7 19. N2d3 Nc2 20. Rab1 Nxe3 21. Qxe3 Rfc8 22. Ne2 Nd7 23. Nc3 Nb6 24. Qe1 Rc4 25. Ra1 Rac8 26. Nb5 Nxa4 27. Rxc4 Rxc4 28. Qxa5 Nxb2 29. Nb4 Rc5 30. Qd8+ Kh7 31. Nc6 Qxb5 32. Nxe7 Qe2 33. Qg8+ Kh6 34. Qxf7 Qe3+ 35. Kf1 Rc1+ 36. Rxc1 Qxc1+ 37. Ke2 Qc2+ 38. Kf1 Qd3+ 39. Ke1 Bc3+ 40. Kf2 Nd1+ 0-1

[Event "Defi Nez-A"]
[Site "Gatineau CAN"]
[Date "2009.12.01"]
[Round "3"]
[White "Gagnon, Fabien"]
[Black "Brousseau, Yvan"]
[Result "1/2-1/2"]
[WhiteElo "1977"]
[BlackElo "2007"]
[PlyCount "33"]
[GameId "2160767910030288"]
[EventDate "2009.11.17"]
[EventType "tourn"]
[EventRounds "5"]
[EventCountry "CAN"]
[SourceTitle "EXT 2011"]
[Source "ChessBase"]
[SourceDate "2011.11.26"]
[SourceVersion "1"]
[SourceVersionDate "2011.11.26"]
[SourceQuality "1"]

1. d4 Nf6 2. c4 e6 3. Nc3 Bb4 4. e3 b6 5. Nge2 O-O 6. a3 Be7 7. Ng3 d5 8. Bd3 Bb7 9. O-O c5 10. dxc5 dxc4 11. Bxc4 Qxd1 12. Rxd1 Bxc5 13. b4 Be7 14. Bb2 Nc6 15. Be2 Rfd8 16. Bf3 Rab8 17. Nce2 1/2-1/2

[Event "Defi Nez-A"]
[Site "Gatineau CAN"]
[Date "2009.12.01"]
[Round "3"]
[White "Laurin, Jacques"]
[Black "Groleau, Gilles"]
[Result "1-0"]
[WhiteElo "1877"]
[BlackElo "1936"]
[PlyCount "137"]
[GameId "2160767910030289"]
[EventDate "2009.11.17"]
[EventType "tourn"]
[EventRounds "5"]
[EventCountry "CAN"]
[SourceTitle "EXT 2011"]
[Source "ChessBase"]
[SourceDate "2011.11.26"]
[SourceVersion "1"]
[SourceVersionDate "2011.11.26"]
[SourceQuality "1"]

1. c4 e5 2. g3 d6 3. Bg2 g6 4. Nc3 Bg7 5. e3 Nf6 6. Nge2 O-O 7. d4 Nbd7 8. O-O c6 9. b3 Re8 10. Ba3 Nf8 11. dxe5 dxe5 12. Qc2 Bf5 13. e4 Bg4 14. Rad1 Qc8 15. Bd6 Bh3 16. Nc1 Bxg2 17. Kxg2 Qe6 18. Bc7 Rac8 19. Bd6 Red8 20. c5 Ne8 21. Bxf8 Bxf8 22. N3e2 f5 23. exf5 gxf5 24. Rfe1 Rxd1 25. Rxd1 Nc7 26. Re1 Nd5 27. Nd4 Nb4 28. Nxe6 Nxc2 29. Rxe5 Re8 30. Nd3 Bg7 31. Re2 Na3 32. Ndf4 Bf6 33. Rd2 b6 34. Rd7 bxc5 35. Nxc5 a5 36. Nb7 Bc3 37. Nd6 Ra8 38. Nxf5 a4 39. Ne6 axb3 40. axb3 Nb5 41. Nc7 Ra3 42. Ne7+ Kf8 43. Nxc6 Nxc7 44. Rxc7 Rxb3 45. Rxh7 Bg7 46. Ne7 Rb5 47. Ng6+ Kf7 48. Nf4 Kg8 49. Rh5 Rb2 50. Rg5 Kf7 51. Rf5+ Ke7 52. g4 Bd4 53. Nd3 Rd2 54. Rf3 Ke6 55. h4 Kd5 56. Nb4+ Kc5 57. Nd3+ Kd5 58. g5 Ke4 59. Nb4 Bc5 60. Nc6 Kd5 61. Rf6 Bd6 62. g6 Re2 63. g7 Re8 64. h5 Rg8 65. h6 Kxc6 66. f4 Kd7 67. f5 Ke7 68. Rxd6 Kxd6 69. f6 1-0

[Event "Defi Nez-A"]
[Site "Gatineau CAN"]
[Date "2009.12.08"]
[Round "4"]
[White "Brousseau, Yvan"]
[Black "Laurin, Jacques"]
[Result "1/2-1/2"]
[WhiteElo "2007"]
[BlackElo "1877"]
[PlyCount "82"]
[GameId "2160767910030290"]
[EventDate "2009.11.17"]
[EventType "tourn"]
[EventRounds "5"]
[EventCountry "CAN"]
[SourceTitle "EXT 2011"]
[Source "ChessBase"]
[SourceDate "2011.11.26"]
[SourceVersion "1"]
[SourceVersionDate "2011.11.26"]
[SourceQuality "1"]

1. d4 d6 2. Nf3 Nf6 3. c4 g6 4. Nc3 Bg7 5. e4 c6 6. Be2 Na6 7. Bf4 Nc7 8. h3 Ne6 9. Be3 Nh5 10. Qd2 h6 11. g4 Nf6 12. O-O-O d5 13. e5 Ne4 14. Nxe4 dxe4 15. Nh4 Ng5 16. f4 exf3 17. Nxf3 Ne4 18. Qe1 f5 19. exf6 exf6 20. Bd3 Qe7 21. Bf4 f5 22. Ne5 Bxe5 23. Bxe5 Qg5+ 24. Kc2 O-O 25. Bxe4 fxe4 26. Qxe4 Rf2+ 27. Kc3 Be6 28. Rhf1 Raf8 29. Rxf2 Rxf2 30. d5 cxd5 31. cxd5 Bf7 32. Bg3 Qf6+ 33. Be5 Qb6 34. b3 Qa5+ 35. b4 Qa3+ 36. Kc4 b6 37. Bc3 Qxa2+ 38. Kb5 Rf4 39. Qe5 Qc4+ 40. Ka4 Qa2+ 41. Kb5 Qc4+ 1/2-1/2